[Event "Branko Vukmanovic Mem Open"]
[Site "Tivat MNE"]
[Date "2011.04.22"]
[Round "7.23"]
[White "Stamatovic,V"]
[Black "Potpara,N"]
[Result "0-1"]
[WhiteElo "1845"]
[BlackElo "2152"]

1.e4 c5 2.Nf3 e6 3.d4 cxd4 4.Nxd4 Nc6 5.Nc3 Qc7 6.Be3 a6 7.a3 Nf6 8.Be2 Be7
9.O-O O-O 10.f4 d6 11.g4 Nxd4 12.Bxd4 e5 13.Be3 exf4 14.Rxf4 Be6 15.g5 Nd7
16.Rh4 Bxg5 17.Bxg5 Qc5+ 18.Kh1 Qxg5 19.Rh5 Qe3 20.Qxd6 Nf6 21.Rh4 Rad8 22.Qe5 Rfe8
23.Qf4 Qxf4 24.Rxf4 Rd2 25.Rg1 Kf8 26.Bd3 Nd7 27.Nb1 Rxd3 28.cxd3 Nc5 29.Rd1 Rd8
30.d4 g5 31.Rff1 Nxe4 32.Nc3 Nxc3 33.bxc3 b5 34.Kg2 Kg7 35.Rfe1 Kg6 36.Re5 Bd5+
37.Kg3 f5 38.Re7 Rd6 39.Rc7 h5 40.Re1 h4+ 41.Kf2 Be4 42.Rd1 Bd5 43.Rc5 g4
44.a4 f4 45.axb5 g3+ 46.Kg1 axb5 47.Rxb5 f3 48.Rxd5 Rxd5 49.hxg3 hxg3 50.c4 Ra5
51.Rf1 Ra3 52.c5 Kf6 53.Rc1 Ra2 54.Rf1 Rg2+ 55.Kh1 Rh2+  0-1

[Event "ch-Americas Continental"]
[Site "Toluca MEX"]
[Date "2011.04.22"]
[Round "5"]
[White "Hernandez Guerrero,G"]
[Black "Vescovi,G"]
[Result "1/2-1/2"]
[WhiteElo "2528"]
[BlackElo "2634"]

1.e4 c5 2.Nf3 e6 3.d4 cxd4 4.Nxd4 Nc6 5.Nc3 a6 6.Nxc6 bxc6 7.Bd3 d5 8.O-O Nf6
9.Bf4 Be7 10.Re1 O-O 11.Qf3 a5 12.e5 Nd7 13.Qg3 g6 14.Rad1 Ba6 15.Na4 Bxd3
16.Rxd3 Nb6 17.Nxb6 Qxb6 18.b3 a4 19.Bh6 Rfe8 20.Bg5 axb3 21.axb3 Qb4 22.Rc1 Bxg5
23.Qxg5 Qe7 24.h4 Qxg5 25.hxg5 Ra5 26.f4 Kg7 27.Kf2 h6 28.gxh6+ Kxh6 29.Rh3+ Kg7
30.Rch1 Ra2 31.Rc3 d4 32.Rxc6 d3 33.Ke3 dxc2 34.Rc1 Rb8 35.Rc3 g5 36.fxg5 Kg6
37.R1xc2 Rxc2 38.Rxc2 Rxb3+ 39.Kf4 Rb4+ 40.Ke3 Rg4 41.Rf2 Rxg5 42.Ke4 Kg7
43.Kd4 Rg4+ 44.Ke3 Rg5 45.Ke4 Rg4+ 46.Ke3 Rg5  1/2-1/2

[Event "ch-Americas Continental"]
[Site "Toluca MEX"]
[Date "2011.04.22"]
[Round "6"]
[White "De la Paz Perdomo,F"]
[Black "Gonzalez Garcia,J2"]
[Result "1-0"]
[WhiteElo "2473"]
[BlackElo "2511"]

1.e4 c5 2.Nf3 e6 3.d4 cxd4 4.Nxd4 Nc6 5.Nc3 Qc7 6.Be3 Nf6 7.Bd3 a6 8.O-O Ne5
9.Nf3 Nfg4 10.Nxe5 Nxe3 11.Qh5 g6 12.Qf3 Qxe5 13.fxe3 f6 14.Qxf6 Qxf6 15.Rxf6 Bg7
16.Rf3 b5 17.Raf1 Bb7 18.Nd1 Be5 19.c3 g5 20.Rh3 h5 21.g4 hxg4 22.Rxh8+ Bxh8
23.Nf2 Ke7 24.Nxg4 Bg7 25.e5 Rf8 26.Rxf8 Kxf8 27.Kf2 Ke7 28.e4 d6 29.Kf3 Bc6
30.b4 Bxe5 31.Nxe5 dxe5 32.Ke3 Bd7 33.Kd2 Kd6 34.Kc2 Bc6 35.Kb2 Bd7 36.a4 Be8
37.a5 Bc6 38.Kc2 Bb7 39.Kd2 Bc6 40.Ke3 Ke7 41.c4 bxc4 42.Bxc4 Bb7 43.Kf3 Kf6
44.h3 Bc8 45.b5 axb5 46.Bxb5 Bb7 47.a6 Bc8 48.Ke3 Kg6 49.Kd3 Kh5 50.a7  1-0

[Event "17th Asian Cities"]
[Site "Jakarta INA"]
[Date "2011.04.23"]
[Round "2.3"]
[White "Ahmed,Abdu"]
[Black "Ismagambetov,An"]
[Result "0-1"]
[WhiteElo "2322"]
[BlackElo "2496"]

1.e4 c5 2.Nf3 e6 3.d4 cxd4 4.Nxd4 Nc6 5.Nc3 Qc7 6.Be3 a6 7.Bd3 Nf6 8.O-O Nxd4
9.Bxd4 Bc5 10.Bxc5 Qxc5 11.Qe2 d6 12.Kh1 O-O 13.f4 e5 14.f5 b5 15.a4 b4 16.Nd1 Bb7
17.c4 bxc3 18.Nxc3 a5 19.Rfc1 Qb6 20.Bb5 Rfc8 21.h3 Rc5 22.Rc2 Rac8 23.Rac1 h6
24.Kh2 Kf8 25.b3 Qc7 26.Bd3 Ke7 27.Nb5 Qb6 28.Rd1 Rxc2 29.Bxc2 Ba6 30.Bd3 Bxb5
31.Bxb5 Rc3 32.Rd3 Rc1 33.Qe3 Qxe3 34.Rxe3 Rc2 35.Kg3 Nh5+ 36.Kf3 Nf4 37.Bf1 d5
38.exd5 Kd6 39.Re1 Rc3+ 40.Re3 Rxe3+ 41.Kxe3 Nxd5+ 42.Kd3 Kc5 43.Ke4 f6 44.Bc4 Nc3+
45.Kd3 Na2 46.Be6 Nb4+ 47.Ke4 Nc6 48.Bc4 Nd4 49.g4 Kb4 50.Kd5 Nxb3 51.h4 Nd4
52.Bd3 Kxa4 53.g5 hxg5 54.hxg5 Kb3 55.Bc4+ Kc3 56.g6 Nxf5 57.Ke6 Kxc4  0-1

[Event "V New Open Lugano"]
[Site "Lugano SUI"]
[Date "2011.04.23"]
[Round "3.5"]
[White "Zimina,O"]
[Black "Altyzer,L"]
[Result "1-0"]
[WhiteElo "2346"]
[BlackElo "2130"]

1.e4 c5 2.Nf3 e6 3.d4 cxd4 4.Nxd4 Nc6 5.Nc3 Qc7 6.g3 a6 7.Bg2 Nf6 8.O-O Be7
9.Re1 O-O 10.Nxc6 dxc6 11.e5 Rd8 12.Qf3 Nd5 13.h4 Nxc3 14.Qxc3 Bd7 15.Qf3 Rab8
16.Qg4 Kh8 17.Be4 Be8 18.Bf4 Qb6 19.b3 c5 20.Qf3 Qa7 21.Bg5 b6 22.Bf6 gxf6
23.exf6 Bf8 24.Bxh7 Rd5 25.c4 Kxh7 26.cxd5  1-0

[Event "ch-FRA u18b"]
[Site "Montlucon FRA"]
[Date "2011.04.23"]
[Round "8.1"]
[White "Di Nicolantonio,L"]
[Black "Mouhamad,J"]
[Result "1-0"]
[WhiteElo "2273"]
[BlackElo "2113"]

1.e4 c5 2.Nf3 e6 3.d4 cxd4 4.Nxd4 Nc6 5.Nc3 a6 6.Be2 Qc7 7.O-O Nf6 8.Be3 Be7
9.f4 d6 10.Kh1 O-O 11.Qe1 Bd7 12.a4 Rac8 13.Qg3 Ne8 14.Nxc6 Bxc6 15.a5 Nf6
16.Bd3 Nd7 17.f5 d5 18.Bf4 e5 19.Bh6 Bf6 20.exd5 Bb5 21.Ne4 Kh8 22.Bxb5 axb5
23.Nxf6 gxh6 24.Nxd7 Qxd7 25.Qxe5+ f6 26.Qe6 Qc7 27.c3 Rcd8 28.Rad1 Rd6 29.Qe3 Qxa5
30.Rfe1 Qc7 31.Qxh6 Qg7 32.Qf4 Qd7 33.Qf3 Rd8 34.h3 Rxd5 35.Rxd5 Qxd5 36.Re8+ Kg7
37.Qg4+ Kh6 38.Qh4+ Kg7 39.Re7+  1-0

[Event "12th TCh-RUS Women"]
[Site "Olginka RUS"]
[Date "2011.04.23"]
[Round "7"]
[White "Paikidze,N"]
[Black "Munguntuul,B"]
[Result "1/2-1/2"]
[WhiteElo "2425"]
[BlackElo "2434"]

1.e4 c5 2.Nf3 e6 3.d4 cxd4 4.Nxd4 Nc6 5.Nc3 Qc7 6.g3 a6 7.Bg2 d6 8.O-O Be7
9.Re1 Nf6 10.Nxc6 bxc6 11.e5 dxe5 12.Rxe5 O-O 13.Bf4 Qb7 14.Na4 Nd5 15.Bd2 Bf6
16.Re4 a5 17.Qe1 Qc7 18.a3 c5 19.c4 Ne7 20.Re2 Ra6 21.Bf4 Qa7 22.Be5 Bxe5
23.Rxe5 f6 24.Re4 Nf5 25.Rd1 e5 26.f4 Bb7 27.fxe5 Bxe4 28.Qxe4 Nd4 29.Qd5+ Ne6
30.Qb7 Kh8 31.exf6 gxf6 32.Qxa7 Rxa7 33.Bd5 Rd7 34.Rf1 Rd6 35.Bxe6 Rxe6 36.Nxc5 Rc6
37.Rf5 Rfc8 38.b4 axb4 39.axb4 Rb6 40.b5 Rd6 41.Kf2 Rd4 42.b6 Rxc4 43.b7 Rb8
44.Ke3 Rc1 45.Kd2 Rxc5  1/2-1/2

[Event "Philadelphia Open"]
[Site "Philadelphia USA"]
[Date "2011.04.23"]
[Round "7"]
[White "Ng,Andrew"]
[Black "Sivakumar,Kavinayan P"]
[Result "1-0"]
[WhiteElo "2139"]
[BlackElo "2064"]

1.e4 c5 2.Nf3 e6 3.d4 cxd4 4.Nxd4 Nc6 5.Nc3 Qc7 6.Be2 a6 7.O-O Nf6 8.Be3 Bb4
9.Na4 Be7 10.c4 d6 11.Nc3 O-O 12.Rc1 Nxd4 13.Qxd4 Bd7 14.Rfd1 Rfd8 15.f3 Rac8
16.b4 Qb8 17.a4 e5 18.Qd2 b6 19.Bf1 d5 20.Nxd5 Nxd5 21.cxd5 Bxa4 22.Rxc8 Rxc8
23.Bxa6 Bxd1 24.Bxc8 Ba4 25.Qc3 Bb5 26.Bh3 Qd6 27.Bd2 g6 28.Qc8+ Kg7 29.Bc3 Bf6
30.Qb7 Kg8 31.f4 exf4 32.Be6 fxe6 33.Bxf6 Qd7 34.Qb8+ Qe8 35.Qxb6 exd5 36.Qb7 Qd7
37.Qxd7 Bxd7 38.exd5 Kf7 39.Bg5 f3 40.gxf3 Bb5 41.Kf2 Bc4 42.d6 Ke6 43.Bf4 Bb5
44.Kg3 Kf5 45.Bh6 Bd7 46.Bf8 Bb5 47.Kf2 Kf4 48.Bg7 Bd7 49.Bf6 Bb5 50.Bd8 Ke5
51.Bc7 Kd5 52.Ke3 Kc4 53.Ke4 Kxb4 54.Ke5 Bd7 55.Kf6 Kc5 56.Kg7 Kc6 57.Kxh7 Bf5
58.Kg7 Kd7 59.Kf6 Bc2 60.f4 Bd3 61.h4 Ke8 62.Ba5 Bc2 63.Bd2 Kd7 64.Ke5 Bd3
65.Bb4 Bc2 66.Kf6 Bd3 67.Ke5 Bc2 68.Be1 Ke8 69.Kf6 Kd7 70.Bg3 Kxd6 71.f5+ Kd7
72.fxg6 Ke8 73.Kg7 Ke7 74.h5  1-0

[Event "Branko Vukmanovic Mem Open"]
[Site "Tivat MNE"]
[Date "2011.04.23"]
[Round "8.11"]
[White "Bellia,F"]
[Black "Kragelj,I"]
[Result "1/2-1/2"]
[WhiteElo "2421"]
[BlackElo "2207"]

1.e4 c5 2.Nf3 e6 3.d4 cxd4 4.Nxd4 Nc6 5.Nc3 Qc7 6.Be2 a6 7.O-O Nf6 8.Be3 Be7
9.f4 d6 10.Kh1 O-O 11.a4 Re8 12.Qd2 Bd7 13.Nb3 b6 14.Rad1 Bc8 15.Bf3 Bb7
16.Qf2 Nd7 17.Qg3 Rad8 18.f5 Nce5 19.fxe6 fxe6 20.Nd4 Bf6 21.Bh5 Re7 22.Qh3 Nf8
23.Be2 Nc4 24.Bc1 Qc5 25.Nb3 Qc7 26.Qg3 Ng6 27.Bh5 Nce5 28.Be3 Nc4 29.Bc1 Nce5
30.Be2 Nc4 31.Rd3 Nce5 32.Rd4 Nc6 33.Rd2 Nce5 34.Rfd1 Bh4 35.Qh3 Bg5 36.Rd4 Bxc1
37.Nxc1 Nf4 38.Qg3 Rf7 39.h3 Nc6 40.R4d2 Ne5 41.Rd4 Nc6 42.R4d2 Ne5 43.Rd4  1/2-1/2

[Event "Branko Vukmanovic Mem Open"]
[Site "Tivat MNE"]
[Date "2011.04.23"]
[Round "8.19"]
[White "Sorgic,D"]
[Black "Trpkovic,M"]
[Result "1-0"]
[WhiteElo "2282"]
[BlackElo "2009"]

1.e4 c5 2.Nf3 Nc6 3.d4 cxd4 4.Nxd4 e6 5.Nc3 a6 6.Be3 Nf6 7.Be2 Be7 8.O-O O-O
9.Kh1 d5 10.Nxc6 bxc6 11.e5 Nd7 12.f4 c5 13.Bg1 Bb7 14.Bf3 Rb8 15.b3 Qc7
16.Qe2 f6 17.exf6 Bxf6 18.Qxe6+ Kh8 19.Nxd5 Bxd5 20.Qxd5 Bxa1 21.Rxa1 Rbc8
22.g3 Nf6 23.Qc4 a5 24.Re1 Rfe8 25.Rf1 Qe7 26.Kg2 Red8 27.Rf2 Qd6 28.Re2 Re8
29.Be3 Re7 30.Rd2 Qc7 31.Bf2 Rd7 32.Re2 Re7 33.Rxe7 Qxe7 34.Qa6 Qd8 35.Be1 Nd5
36.Bxa5 Ne3+ 37.Kf2 Qe8 38.Qe2 Nf5 39.Qxe8+ Rxe8 40.Bb6  1-0

[Event "Branko Vukmanovic Mem Open"]
[Site "Tivat MNE"]
[Date "2011.04.23"]
[Round "8.23"]
[White "Pekovic,Dejan"]
[Black "Scekic,V"]
[Result "0-1"]
[WhiteElo "1741"]
[BlackElo "2150"]

1.e4 c5 2.Nf3 Nc6 3.d4 cxd4 4.Nxd4 e6 5.Nc3 Nf6 6.Bg5 Qb6 7.Nb3 Be7 8.Be3 Qc7
9.Nb5 Qb8 10.Bc5 Nxe4 11.Bxe7 Kxe7 12.Bd3 Nf6 13.O-O a6 14.Nc3 d5 15.a4 b6
16.Re1 Rd8 17.Qf3 Kf8 18.h3 e5 19.Bf5 e4 20.Nxe4 dxe4 21.Bxe4 Nxe4 22.Qxe4 Qc7
23.Rad1 Be6 24.Qxh7 Rxd1 25.Rxd1 Rd8 26.Re1 Ne7 27.Qh8+ Ng8 28.Qh4 Qe7 29.Qf4 Qd6
30.Qh4 Bxb3 31.cxb3 g6 32.Kh1 Kg7 33.f3 Nf6 34.Qc4 a5 35.f4 Qb4 36.Qf1 Qxb3
37.f5 Nh5 38.Qf2 Ng3+ 39.Kh2 Nxf5 40.Re2 Qb4 41.g4 Qd6+ 42.Kg2 Qc6+ 43.Kh2 Rd1
44.gxf5 Qh1+ 45.Kg3 Rg1+ 46.Kf4 Rf1  0-1

[Event "Technomont IM 2011"]
[Site "Frydek Mistek CZE"]
[Date "2011.04.24"]
[Round "7"]
[White "Sosovicka,J"]
[Black "Kulicov,O"]
[Result "0-1"]
[WhiteElo "2149"]
[BlackElo "2415"]

1.e4 c5 2.Nf3 Nc6 3.d4 cxd4 4.Nxd4 e6 5.Nc3 Qc7 6.Be3 a6 7.Be2 Nf6 8.O-O Bb4
9.Na4 O-O 10.Nxc6 bxc6 11.Nb6 Rb8 12.Nxc8 Rfxc8 13.Bxa6 Rf8 14.Bd3 Bd6 15.g3 Be5
16.Rb1 Bxb2 17.c4 c5 18.Qc2 Be5 19.Rb5 d6 20.Rfb1 Ra8 21.Bd2 Ra7 22.a4 Bd4
23.a5 Ng4 24.Be1 Ne5 25.Kg2 g6 26.R1b3 Nc6 27.Qa2 Rfa8 28.Ra3 Nb4 29.Bxb4 cxb4
30.Ra4 Bc5 31.e5 dxe5 32.Be4 Rb8 33.a6 Rb6 34.Raa5 b3 35.Qxb3 Raxa6 36.Rxa6 Rxa6
37.Rb7 Qd6 38.Qb5 Ra2 39.Qe8+ Qf8 40.Qxf8+ Kxf8 41.Rb5 Rxf2+ 42.Kh3 Re2 43.Bf3 Rf2
44.Be4 Bd4 45.c5 Rb2 46.Ra5 Rb8 47.c6 Rc8 48.Ra6 Ke7 49.Bd3 Kd6 50.Bb5 e4
51.Kg2 Kc7 52.Ra4 e5 53.Rb4 Rb8 54.g4 f5 55.gxf5 gxf5 56.Rb3 f4 57.Ba4 f3+
58.Kf1 e3 59.Rxb8 e2+  0-1

[Event "Technomont IM 2011"]
[Site "Frydek Mistek CZE"]
[Date "2011.04.24"]
[Round "8"]
[White "Pagerka,M"]
[Black "Kulicov,O"]
[Result "1/2-1/2"]
[WhiteElo "2260"]
[BlackElo "2415"]

1.e4 c5 2.Nf3 e6 3.d4 cxd4 4.Nxd4 Nc6 5.Nc3 Qc7 6.Be2 a6 7.O-O Nf6 8.a3 Nxd4
9.Qxd4 Bc5 10.Qd3 b5 11.Bg5 Bb7 12.Rad1 h6 13.Bxf6 gxf6 14.Kh1 h5 15.f4 O-O-O
16.h4 Be7 17.Qe3 Kb8 18.Bxb5 axb5 19.Nxb5 Qc6 20.Qa7+ Kc8 21.Qa5 Kb8  1/2-1/2

[Event "Joao Braga Open"]
[Site "Sao Paolo BRA"]
[Date "2011.04.24"]
[Round "8.3"]
[White "Rodi,L"]
[Black "Matsuura,E"]
[Result "1/2-1/2"]
[WhiteElo "2359"]
[BlackElo "2488"]

1.e4 c5 2.Nc3 e6 3.Nf3 Nc6 4.d4 cxd4 5.Nxd4 Nf6 6.Ndb5 d6 7.Bf4 e5 8.Bg5 a6
9.Na3 b5 10.Nd5 Be7 11.Bxf6 Bxf6 12.c3 Bg5 13.Nc2 O-O 14.Nce3 Rb8 15.a3 Ne7
16.h4 Bxe3 17.Nxe3 Bb7 18.Qg4 d5 19.Rd1 d4 20.Nf5 Nxf5 21.exf5 Qe7 22.Rh3 dxc3
23.Rxc3 e4 24.Qf4 Rbc8 25.Rdc1 Rxc3 26.Rxc3 Bd5 27.Be2 b4  1/2-1/2

[Event "ch-RUS Rapid"]
[Site "Olginka RUS"]
[Date "2011.04.25"]
[Round "3"]
[White "Yagupov,I"]
[Black "Khairullin,I"]
[Result "1/2-1/2"]
[WhiteElo "2465"]
[BlackElo "2634"]

1.e4 c5 2.Nf3 e6 3.d4 cxd4 4.Nxd4 Nc6 5.Nc3 Qc7 6.Be3 a6 7.Qd2 Nf6 8.O-O-O Bb4
9.f3 Ne7 10.Nde2 b5 11.Bf4 e5 12.Bg5 h5 13.Kb1 Ba5 14.Bxf6 gxf6 15.Nd5 Nxd5
16.Qxd5 Bb7 17.Qb3 h4 18.Nc1 Rc8 19.a3 Ke7 20.Na2 Rhd8 21.Nb4 Bxb4 22.axb4 d5
23.exd5 Bxd5 24.Rxd5 Rxd5 25.Qxd5 Qxc2+ 26.Ka2 Qa4+ 27.Kb1 Qc2+  1/2-1/2

[Event "ch-RUS Rapid"]
[Site "Olginka RUS"]
[Date "2011.04.25"]
[Round "4"]
[White "Lastin,A"]
[Black "Yagupov,I"]
[Result "1-0"]
[WhiteElo "2617"]
[BlackElo "2465"]

1.e4 c5 2.Nf3 Nc6 3.Nc3 e6 4.d4 cxd4 5.Nxd4 Qc7 6.Be2 a6 7.O-O Nf6 8.Be3 d6
9.f4 Be7 10.a4 O-O 11.Kh1 Re8 12.Bf3 Bf8 13.Qd2 Nxd4 14.Bxd4 e5 15.Be3 exf4
16.Bd4 Be6 17.Bxf6 gxf6 18.Qxf4 Bg7 19.Rad1 Bc4 20.Be2 Bxe2 21.Nxe2 Qxc2
22.Ng3 f5 23.Nxf5 Qxb2 24.Nxd6 Rf8 25.Nf5 Rae8 26.Rd3 Qe5 27.Rg3 Qb2 28.Rd3 Kh8  1-0

[Event "ch-RUS Rapid"]
[Site "Olginka RUS"]
[Date "2011.04.25"]
[Round "6"]
[White "Nakhapetiane,P"]
[Black "Rublevsky,S"]
[Result "0-1"]
[WhiteElo "2495"]
[BlackElo "2678"]

1.e4 c5 2.Nf3 e6 3.d4 cxd4 4.Nxd4 Nc6 5.Nc3 a6 6.Nxc6 bxc6 7.Bd3 d5 8.O-O Qc7
9.Re1 Bb7 10.Qf3 Bd6 11.h3 Nf6 12.Bg5 Bh2+ 13.Kh1 Be5 14.Qe2 h6 15.Bd2 Nd7
16.Qg4 Nf6 17.Qe2 Nd7 18.Qg4 Nf6 19.Qe2 Nd7 20.Rf1 Bf4 21.Rae1 O-O 22.a3 a5
23.Nd1 Nc5 24.e5 Bxd2 25.Qxd2 Ba6 26.f4 Ne4 27.Qe3 Qa7 28.f5 Qxe3 29.Rxe3 exf5
30.Rxf5 Nc5 31.Bxa6 Rxa6 32.b3 Ne6 33.Nb2 c5 34.Rd3 Rd8 35.Rf2 Ng5 36.Rfd2 Ne4
37.Re2 Re8 38.Na4 Rc6 39.c4 dxc4 40.Rde3 f5 41.exf6 Ng3+ 42.Rxg3 Rxe2 43.Rxg7+ Kf8
44.bxc4 Rxf6 45.Rg3 Rf5 46.Kh2 h5 47.Nb6 Re4 48.a4 h4 49.Rg4 Rff4 50.Rg5 Rf1
51.Rh5 Kg7 52.Nd7 Rxc4 53.Rxc5 Rxc5 54.Nxc5 Ra1 55.g4 Ra2+ 56.Kg1 Kf6 57.Kf1 Ke5
58.Ke1 Kd4 59.Nb3+ Ke3 60.Kd1 Rxa4 61.g5 Ra3 62.Kc2 a4 63.Nc1 Ke4 64.Ne2 Ke5  0-1

[Event "ch-RUS Rapid"]
[Site "Olginka RUS"]
[Date "2011.04.26"]
[Round "7"]
[White "Nepomniachtchi,I"]
[Black "Matlakov,M"]
[Result "1/2-1/2"]
[WhiteElo "2729"]
[BlackElo "2625"]

1.e4 c5 2.Nf3 e6 3.d4 cxd4 4.Nxd4 Nc6 5.Nc3 Qc7 6.g3 a6 7.Bg2 d6 8.O-O Nf6
9.a4 Be7 10.h3 O-O 11.Nde2 Rb8 12.b3 b5 13.axb5 axb5 14.Nf4 b4 15.Nce2 Bb7
16.Bb2 Ne5 17.f3 Rfc8 18.Rc1 d5 19.exd5 Nxd5 20.Nxd5 Bxd5 21.Nf4 Bb7 22.Nh5 g6
23.Qe2 Nd7 24.Nf4 Qb6+ 25.Kh2 Ba6 26.Nd3 Bf6 27.Bxf6 Nxf6 28.f4 Rd8 29.Rfe1 Bxd3
30.cxd3 Qd4 31.Red1 Rbc8 32.Qe1 h5 33.Qe5 Rxc1 34.Rxc1 h4 35.gxh4 Nh5 36.Qxd4 Rxd4
37.Rc4 Rxc4 38.dxc4 Nxf4 39.Bf1 Kf8 40.Kg3 e5 41.c5 Ke7 42.Bc4 f5 43.Bf1 Ne6
44.h5 gxh5 45.c6 Kd6 46.Kh4 e4 47.Kxh5 e3 48.Kh4 Nd4 49.Kg5 e2 50.Bxe2 Nxe2
51.h4 f4 52.Kg4 f3 53.Kxf3 Nd4+ 54.Ke4 Nxb3 55.h5 Nc5+ 56.Kd4 Kxc6 57.h6 Ne6+
58.Ke4  1/2-1/2

[Event "ch-RUS Rapid"]
[Site "Olginka RUS"]
[Date "2011.04.26"]
[Round "10"]
[White "Lastin,A"]
[Black "Khairullin,I"]
[Result "0-1"]
[WhiteElo "2617"]
[BlackElo "2634"]

1.e4 c5 2.Nf3 e6 3.d4 cxd4 4.Nxd4 Nc6 5.Nc3 Qc7 6.Be2 Nf6 7.Be3 a6 8.O-O Be7
9.f4 d6 10.a4 O-O 11.Kh1 Re8 12.Bf3 Rb8 13.Qd2 Na5 14.b3 Nc6 15.Rad1 Bd7
16.Nde2 b5 17.axb5 axb5 18.g4 b4 19.Na4 Bc8 20.g5 Nd7 21.Ng3 Bf8 22.Qg2 Ba6
23.Rf2 Rbc8 24.Rfd2 Bb5 25.Nb2 Rcd8 26.h4 d5 27.e5 Ndxe5 28.fxe5 Qxe5 29.Bb6 Rb8
30.Bg1 Qxb2 31.c4 Qxb3 32.cxb5 Rxb5 33.Rb2 Qc4 34.Qh2 Qf4 35.Rf1 Qd6 36.h5 Ne5
37.g6 fxg6 38.hxg6 Nxg6 39.Bh5 Be7 40.Be2 Rbb8 41.Bd3 Rf8 42.Re1 Rf3 43.Re3 Rxe3
44.Bxe3 b3 45.Qh3 Qe5 46.Rh2 Nh4 47.Ne2 b2 48.Bb1 Rb3 49.Bd4 Qxe2 50.Qxb3 Qf1+
51.Bg1 Qxb1 52.Qb8+ Kf7 53.Rf2+ Bf6 54.Qc7+ Kg6 55.Qg3+ Kh5 56.Rf4 Qd1  0-1

[Event "2nd Lille Open"]
[Site "Lille FRA"]
[Date "2011.04.27"]
[Round "4.4"]
[White "Lagarde,Max"]
[Black "Korneev,O"]
[Result "0-1"]
[WhiteElo "2441"]
[BlackElo "2573"]

1.e4 c5 2.Nf3 e6 3.d4 cxd4 4.Nxd4 Nc6 5.Nc3 Qc7 6.g3 a6 7.Bg2 Nf6 8.O-O d6
9.Re1 Nd7 10.Nxc6 bxc6 11.Na4 Bb7 12.c4 c5 13.b3 Be7 14.Bb2 O-O 15.Qd2 Ne5
16.Rad1 Nc6 17.Nc3 Nd4 18.Ne2 e5 19.Nc3 a5 20.Nd5 Bxd5 21.cxd5 Qb7 22.Bxd4 cxd4
23.Bf1 Qb4 24.Bc4 Bd8 25.a4 Qxd2 26.Rxd2 Bb6 27.Rd3 f5 28.Kg2 f4  0-1

[Event "8th Balagne Open"]
[Site "Calvi FRA"]
[Date "2011.04.28"]
[Round "5.2"]
[White "Edouard,R"]
[Black "Malakhatko,V"]
[Result "0-1"]
[WhiteElo "2600"]
[BlackElo "2546"]

1.e4 c5 2.Nf3 e6 3.d4 cxd4 4.Nxd4 Nc6 5.Nc3 Qc7 6.Be3 a6 7.Qd2 Nf6 8.O-O-O Be7
9.f3 h5 10.Qf2 d6 11.h3 b5 12.Nxc6 Qxc6 13.Ne2 e5 14.Nc3 Be6 15.Qd2 h4 16.Nd5 Bxd5
17.exd5 Qc7 18.f4 Ne4 19.Qd3 Ng3 20.Rg1 e4 21.Qa3 O-O 22.Bf2 Rfc8 23.Qb3 Bf6
24.Bxg3 hxg3 25.Kb1 Qc5 26.Be2 a5 27.c3 a4 28.Qb4 a3 29.Bxb5 Qf2 30.Rdf1 Qd2
31.Rd1 Qxf4 32.Rgf1 Qe5 33.Rfe1 axb2 34.c4 e3 35.Qb3 Qe4+ 36.Qd3 Qxg2 37.Re2 Qxh3
38.Rxe3 Qh2 39.Rde1 Be5 40.Bc6 Rxa2  0-1

[Event "Karlovy Vary Open"]
[Site "Karlovy Vary CZE"]
[Date "2011.04.28"]
[Round "1.2"]
[White "Rozsafny,M"]
[Black "Tuma,Ja"]
[Result "0-1"]
[WhiteElo "1839"]
[BlackElo "2305"]

1.e4 c5 2.Nf3 e6 3.d4 cxd4 4.Nxd4 Nc6 5.Nc3 a6 6.Be3 d6 7.Bc4 Nf6 8.O-O Be7
9.Kh1 O-O 10.Qd2 Ne5 11.Be2 Qc7 12.f4 Nc4 13.Bxc4 Qxc4 14.Qd3 Qc7 15.Nce2 b5
16.Rac1 Bb7 17.Ng3 Rac8 18.b3 h5 19.c4 h4 20.cxb5 Qa5 21.Bd2 Qb6 22.Ngf5 exf5
23.Nxf5 Rce8 24.e5 dxe5 25.Nxe7+ Rxe7 26.Be3 Qe6 27.Bc5 Qg4 28.Qc2 h3 29.Rf2 Rc7
30.bxa6 Rxc5 31.Qxc5 Bxg2+ 32.Kg1 Be4+ 33.Kf1 Bd3+ 34.Ke1 Ne4  0-1

[Event "43rd TCh-ITA 2011"]
[Site "Spoleto ITA"]
[Date "2011.04.28"]
[Round "2"]
[White "Caruana,F"]
[Black "Kogan,Ar"]
[Result "1-0"]
[WhiteElo "2716"]
[BlackElo "2546"]

1.e4 c5 2.Nf3 Nc6 3.Nc3 e6 4.d4 cxd4 5.Nxd4 Qc7 6.Be3 a6 7.Qd2 Nf6 8.O-O-O Be7
9.f3 b5 10.g4 b4 11.Na4 Rb8 12.g5 Nh5 13.Nxc6 Qxc6 14.b3 d6 15.Be2 g6 16.Rhf1 O-O
17.f4 Ng7 18.Bf3 Qc7 19.h4 Bd7 20.Nb2 Bb5 21.Rh1 f6 22.Qg2 Rbc8 23.Rd2 a5
24.Qh3 e5 25.h5 Qc3 26.hxg6 hxg6 27.f5 Kf7 28.Bg4 Ke8 29.gxf6 Bxf6 30.fxg6 Rc7
31.Kb1 a4 32.bxa4 Ba6 33.Rhd1 d5 34.Rxd5 Qxc2+ 35.Ka1 Qxe4 36.Bd7+ Ke7 37.Bc6 Qf5
38.Bc5+  1-0

[Event "Karlovy Vary Open"]
[Site "Karlovy Vary CZE"]
[Date "2011.04.29"]
[Round "2.20"]
[White "Pavlik,Pa"]
[Black "Rozsafny,M"]
[Result "0-1"]
[WhiteElo "1683"]
[BlackElo "1839"]

1.e4 c5 2.Nf3 e6 3.d4 cxd4 4.Nxd4 Nc6 5.Nc3 a6 6.a3 d6 7.Be2 Nf6 8.Be3 Be7
9.O-O O-O 10.Rc1 Qc7 11.f3 Ne5 12.Qe1 Nc4 13.Bxc4 Qxc4 14.Qf2 b5 15.Rfd1 Bb7
16.Nde2 Rac8 17.Kh1 Ne8 18.Qg3 e5 19.Nd5 Bxd5  0-1

[Event "Victory Day GM"]
[Site "Moscow RUS"]
[Date "2011.04.29"]
[Round "2"]
[White "Sychev,K"]
[Black "Kunin,V"]
[Result "1/2-1/2"]
[WhiteElo "2258"]
[BlackElo "2538"]

1.e4 c5 2.Nf3 e6 3.d4 cxd4 4.Nxd4 Nc6 5.Nc3 Qc7 6.Be3 a6 7.Qd2 Nf6 8.f3 Ne5
9.g4 h6 10.O-O-O Bb4 11.h4 Bxc3 12.Qxc3 Qxc3 13.bxc3 d5 14.exd5 Nxd5 15.Bd2 b5
16.Re1 Nc4 17.Bxc4 bxc4 18.Nf5 O-O 19.Nd6 Bd7 20.g5 h5 21.Nxc4 Rfc8 22.Ne5 Bb5
23.Re4 Nxc3 24.Bxc3 Rxc3 25.a4 Be8 26.Rc4 Rxc4 27.Nxc4 Rb8 28.a5 Rb4 29.Nb6 Rf4
30.Kb2 Rxf3 31.Rd1 Kf8 32.Rd8 Rf5 33.Ra8 Rxa5 34.c4 Ke7 35.Nc8+ Kd7 36.Nb6+ Kc7
37.Rxe8 Kxb6 38.g6 fxg6 39.Rxe6+ Kc5 40.Kb3 Ra1 41.Rxg6 Rb1+ 42.Kc3 Rc1+
43.Kd3 Rxc4 44.Rxa6 Rxh4 45.Rg6 Rd4+ 46.Ke3 Rd7 47.Rg5+ Kd6 48.Rxh5 Rf7 49.Rg5 Ke7
50.Ke4 Kf8 51.Rf5 Rxf5 52.Kxf5 g5 53.Kxg5  1/2-1/2

[Event "Heroes Day Masters"]
[Site "Bridgetown BAR"]
[Date "2011.04.30"]
[Round "5"]
[White "Farley,T"]
[Black "Zapata,Alo"]
[Result "1/2-1/2"]
[WhiteElo "2247"]
[BlackElo "2477"]

1.e4 c5 2.Nf3 e6 3.d4 cxd4 4.Nxd4 Nc6 5.Nc3 Qc7 6.Be2 Nf6 7.O-O a6 8.Kh1 Bb4
9.Qd3 b5 10.Nxc6 dxc6 11.f4 O-O 12.e5 Bxc3 13.Qxc3 Nd5 14.Qc5 f6 15.exf6 Rxf6
16.Bf3 Bd7 17.a4 b4 18.Bd2 a5 19.g3 Qa7 20.Qxa7 Rxa7 21.c4 bxc3 22.bxc3 c5
23.Kg2 Rf8 24.Rfb1 Rc8 25.f5 Nf6 26.fxe6 Bxe6 27.Rb6 Bf5 28.c4 Kf7 29.Rb5 Be6
30.Bxa5 Bxc4 31.Bb6 Rxa4 32.Rxa4 Bxb5 33.Ra5 Bc6 34.Rxc5 Bxf3+ 35.Kxf3 Rxc5
36.Bxc5 g6 37.Bd4 Nd5 38.Ke4 Ke6 39.h3 Ne7 40.g4 Nd5 41.h4 h5  1/2-1/2

[Event "TCh-ESP Selecciones Autonomicas"]
[Site "Gijon ESP"]
[Date "2011.04.30"]
[Round "2.4"]
[White "Sanchez Aller,F"]
[Black "Astasio Lopez,D"]
[Result "1-0"]
[WhiteElo "2339"]
[BlackElo "2330"]

1.e4 c5 2.Nc3 e6 3.Nf3 Nc6 4.d4 cxd4 5.Nxd4 Nf6 6.Nxc6 bxc6 7.e5 Nd5 8.Ne4 Qc7
9.f4 Qb6 10.c4 Bb4+ 11.Ke2 Ba6 12.Kf3 f5 13.Nf2 Ne7 14.Be3 Bc5 15.Bxc5 Qxc5
16.Qd6 Qb6 17.b3 c5 18.Rd1 Qc6+ 19.Qxc6 Nxc6 20.Nd3 Rc8 21.h4 Ke7 22.Ke3 Nd8
23.Be2 Bb7 24.Bf3 Rc7 25.Rd2 Re8 26.Rhd1 Bxf3 27.gxf3 Nb7 28.Nb2 Rd8 29.Rd6 Rc6
30.Rxc6 dxc6 31.Rxd8 Nxd8 32.Nd3 Nb7 33.Kf2 Kf7 34.Kg3 Ke7 35.Nb2 Kd7 36.Kf2 Ke7
37.Na4 Kd7 38.Nc3 Ke7 39.Ke3 Kf7 40.Ne2 Kg6 41.Ng3 Kf7 42.Kd3 Ke7 43.Kc3 a5
44.Kb2 Kf7 45.Ka3 Ke7 46.Ka4 Kf7 47.a3 Kg6 48.b4 cxb4 49.axb4 axb4 50.Kxb4 Kh6
51.c5 Kg6 52.Ne2 Kh5 53.Nd4 Nd8 54.Ka5 Kxh4 55.Kb6 Kg3 56.Nxc6 Nxc6 57.Kxc6 h5
58.Kd6 h4 59.c6 h3 60.c7 h2 61.c8=Q h1=Q 62.Qxe6 Kxf4 63.Qc4+ Kg3 64.e6 Qh6
65.Qd5 f4 66.Kd7 Qh3 67.Kc7 Qh4 68.Qd6 g5 69.e7 Qh8 70.Kd7 g4 71.fxg4 Qg7
72.g5 Qf7 73.Kd8 Qg8+ 74.e8=Q Qxg5+ 75.Qee7 Qa5+ 76.Ke8 Qh5+ 77.Kf8 Qh8+
78.Kf7 Qh7+ 79.Kf6 Qh6+ 80.Kf5 Qh3+ 81.Kg6 Qf1 82.Qg5+ Kh3 83.Qd7+  1-0

[Event "TCh-ESP Selecciones Autonomicas"]
[Site "Gijon ESP"]
[Date "2011.04.30"]
[Round "3.5"]
[White "Rodriguez Garcia,C"]
[Black "Baragano Campa,D"]
[Result "0-1"]
[WhiteElo "1755"]
[BlackElo "2175"]

1.e4 c5 2.Nf3 e6 3.Nc3 Nc6 4.d4 cxd4 5.Nxd4 Qc7 6.Be3 a6 7.Be2 Nf6 8.a3 b5
9.O-O Bb7 10.f4 d6 11.Bf3 Na5 12.Bf2 Be7 13.a4 b4 14.Na2 Nxe4 15.Nxb4 d5
16.Bxe4 dxe4 17.Qd2 e3 18.Bxe3 Nc4 19.Qc3 Bxb4 20.Qxb4 Nxe3 21.Rf2 Nd5 22.Qa3 Qe7
23.Qg3 Qf6 24.c3 O-O 25.Nb3 Rac8 26.Na5 Ba8 27.Qd3 Nxf4 28.Qf1 e5 29.g3 Qg6
30.Nc4 Qe4 31.Nxe5 Qh1+  0-1

[Event "TCh-ESP Selecciones Autonomicas"]
[Site "Gijon ESP"]
[Date "2011.05.01"]
[Round "4.3"]
[White "Recuero Guerra,D"]
[Black "Candela Perez,J"]
[Result "0-1"]
[WhiteElo "2455"]
[BlackElo "2399"]

1.e4 c5 2.Nf3 e6 3.Nc3 Nc6 4.d4 cxd4 5.Nxd4 Qc7 6.Be3 a6 7.Qd2 Nf6 8.O-O-O Bb4
9.f3 Na5 10.g4 h6 11.g5 hxg5 12.Bxg5 b5 13.h4 Bb7 14.Bd3 Bxc3 15.Qxc3 Qxc3
16.bxc3 Rc8 17.Rde1 d6 18.Rhg1 Nd7 19.Rd1 Ne5 20.Bd2 g6 21.Be1 Ke7 22.f4 Nd7
23.f5 Ne5 24.fxe6 fxe6 25.Rg5 Nac4 26.Bg3 Rcg8 27.Bf2 Nf7 28.Rgg1 Nce5 29.Ne2 g5
30.Rh1 gxh4 31.Bxh4+ Kd7 32.Bg3 Rxh1 33.Rxh1 Rg4 34.Rh4 Ng5 35.Rxg4 Nxg4
36.e5 Nxe5 37.Bxe5 dxe5 38.Ng3 Bd5 39.a3 Kd6 40.Kd2 e4 41.Be2 Ke5 42.Ke3 Nf7
43.Kf2 Nd6 44.Nh5 Bc4 45.Bg4 Ba2 46.Be2 Bb1 47.c4 bxc4 48.c3 Bd3 49.a4 Nf5
50.Ke1 Ne3 51.Kd2 Nd5 52.Bxd3 exd3 53.Ng3 Kf4 54.Nh5+ Kf3  0-1